Nueva politica comercial para el desarrollo (Registro nro. 6775)

Detalles MARC
000 -LEADER
fixed length control field 01714 a2200205 4500
001 - CONTROL NUMBER
control field 59655
005 - DATE AND TIME OF LATEST TRANSACTION
control field 20260407155850.0
008 - FIXED-LENGTH DATA ELEMENTS--GENERAL INFORMATION
fixed length control field 260407a1966 arg spa d
003 - CONTROL NUMBER IDENTIFIER
control field AR-UNSa-BCEJYS
040 ## - CATALOGING SOURCE
Original cataloging agency AR-UNSa-BCEJYS
Language of cataloging spa
Transcribing agency AR-UNSa-BCEJYS
080 ## - UNIVERSAL DECIMAL CLASSIFICATION NUMBER
Universal Decimal Classification number 330.34
Common auxiliary subdivision Desarrollo Económico
100 1# - MAIN ENTRY--PERSONAL NAME
Personal name Prebisch, Raúl
245 10 - TITLE STATEMENT
Title Nueva politica comercial para el desarrollo
250 ## - EDITION STATEMENT
Edition statement 2a. ed.
264 #1 - PRODUCTION, PUBLICATION, DISTRIBUTION, MANUFACTURE, AND COPYRIGHT NOTICE
Place of production, publication, distribution, manufacture México :
Name of producer, publisher, distributor, manufacturer Fondo de Cultura Económica
Date of production, publication, distribution, manufacture, or copyright notice 1966
300 ## - PHYSICAL DESCRIPTION
Extent 148 p.
Dimensions 21 cm.
505 ## - FORMATTED CONTENTS NOTE
Formatted contents note Primera Parte: Planteamiento del problema del comercio internacional y el desarrollo: 1. El orden de cosas en la economía internacional - 2. Las exportaciones primarias y el deterioro de la relación de precios - 3. La industrialización y la necesidad de exportar manufacturas - 4. El GATT y los países en desarrollo - Segunda Parte: Posibles soluciones y aspectos institucionales: 1. Exportaciones de productos primarios - 2. Las exportaciones industriales de los países en desarrollo y las preferencias - 3. La aportación de recursos internacionales a los países en desarrollo - 4. Comercio entre los países socialistas y el resto del mundo, especialmente con los países en desarrollo - 5. El mecanismo institucional del comercio mundial y desarrollo - Tercera Parte: Realismo y renovación: 1. La estrangulación exterior del desarrollo - 2. El potencial de los grandes países frente a los requerimientos del desarrollo - 3. La responsabilidad de los países en desarrollo - 4. El concierto de medidas comerciales - 5. Carácter y adaptabilidad de la política de cooperación internacional - 6. Nuevos problemas y nuevas actitudes
590 ## - LOCAL NOTE (RLIN)
Local note niveau_biblio:m niveau_hierar:0
942 ## - ADDED ENTRY ELEMENTS (KOHA)
Koha item type
Existencias
Withdrawn status Lost status Damaged status Not for loan Home library Current library Shelving location Date acquired Total checkouts Full call number Barcode Date last seen Price effective from Koha item type
        Biblioteca Prof. Eusebio Cleto del Rey Biblioteca Prof. Eusebio Cleto del Rey   07/04/2026   330.34 P922n 2ed. L22347 07/04/2026 07/04/2026 Libro